<?xml version="1.0" encoding="UTF-8"?>
<collection xmlns="http://www.loc.gov/MARC21/slim">
  <record>
    <leader>00000nam  2200000   4500</leader>
    <controlfield tag="001">INLIS000000000006180</controlfield>
    <controlfield tag="005">20191206114033</controlfield>
    <datafield tag="035" ind1="#" ind2="#">
      <subfield code="a">0010-1219000011</subfield>
    </datafield>
    <controlfield tag="007">ta</controlfield>
    <controlfield tag="008">191206###########################0#eng##</controlfield>
    <datafield tag="082" ind1="#" ind2="#">
      <subfield code="a">301.11</subfield>
    </datafield>
    <datafield tag="084" ind1="#" ind2="#">
      <subfield code="a">301.11 Dub h</subfield>
    </datafield>
    <datafield tag="100" ind1=" " ind2="#">
      <subfield code="a">Dubin Robert</subfield>
    </datafield>
    <datafield tag="245" ind1="1" ind2="#">
      <subfield code="a">Human Relations in Administration/with readings /</subfield>
      <subfield code="c">Robert Dubin</subfield>
    </datafield>
    <datafield tag="250" ind1="#" ind2="#">
      <subfield code="a">Ed.4</subfield>
    </datafield>
    <datafield tag="260" ind1="#" ind2="#">
      <subfield code="a">New Delhi :</subfield>
      <subfield code="b">Prentice Hall of India,</subfield>
      <subfield code="c">1977</subfield>
    </datafield>
    <datafield tag="300" ind1="#" ind2="#">
      <subfield code="a">xiv, 626 hlm. :</subfield>
      <subfield code="b">ilus ;</subfield>
      <subfield code="c">23 cm</subfield>
    </datafield>
    <datafield tag="650" ind1="#" ind2="#">
      <subfield code="a">Administration, Human Relations</subfield>
    </datafield>
    <datafield tag="856" ind1="#" ind2="#">
      <subfield code="a">Perpustakaan Lembaga Administrasi Negara</subfield>
    </datafield>
    <datafield tag="990" ind1="#" ind2="#">
      <subfield code="a">17257</subfield>
    </datafield>
  </record>
</collection>
